header

The analytical and topological theory of semigroups (Record no. 109869)

MARC details
000 -LEADER
fixed length control field 01629nam a2200373Ia 4500
245 04 - TITLE STATEMENT
Title The analytical and topological theory of semigroups
260 ## - PUBLICATION, DISTRIBUTION, ETC. (IMPRINT)
Place of publication Berlin ;
-- New York :
Name of publisher W. de Gruyter,
Year of publication 1990.
300 ## - PHYSICAL DESCRIPTION
Number of Pages viii, 398 p. :
Other physical details ill.
500 ## - GENERAL NOTE
General note Based on a conference held Jan. 30-Feb. 4, 1989, hosted by the Mathematisches Forschungsinstitut Oberwolfach.
650 #0 - SUBJECT ADDED ENTRY--TOPICAL TERM
Topical Term Topological semigroups
Topical Term Topological groups
700 1# - ADDED ENTRY--PERSONAL NAME
Personal name Hofmann, Karl Heinrich.
Personal name Lawson, Jimmie D.
Personal name Pym, J. S.
856 40 - ELECTRONIC LOCATION AND ACCESS
Uniform Resource Identifier http://site.ebrary.com/lib/rucke/Doc?id=10599301

No items available.

© 2026 Rongo University
Contact us: librarian | system librarian | Rongo university